Vidas paralelas (Registro nro. 183)

Detalles MARC
000 -CABECERA
Longitud fija campo de control 00715nam a2200253 4500
001 - NÚMERO DE CONTROL
Número de control 00000000122256
003 - IDENTIFICADOR DELl NÚMERO DE CONTROL
Identificador del número de control OSt
005 - FECHA Y HORA DE LA ÚLTIMA TRANSACCIÓN
Fecha y hora de la última transacción 20140826213007.0
008 - CÓDIGOS DE INFORMACIÓN DE LONGITUD FIJA
Códigos de información de longitud fija 020226s1977 esp 0011 spa d
020 ## - NÚMERO INTERNACIONAL NORMALIZADO PARA LIBROS
Número Internacional Normalizado para Libros (ISBN) 84-239-0228-5
040 ## - FUENTE DE LA CATALOGACIÓN
Centro transcriptor BMC
082 ## - NÚMERO DE LA CLASIFICACIÓN DECIMAL DEWEY
Númeroo de clasificación 920 Alejandro Magno
082 ## - NÚMERO DE LA CLASIFICACIÓN DECIMAL DEWEY
Númeroo de clasificación 920 Julio César
100 0# - PUNTO DE ACCESO PRINCIPAL-NOMBRE DE PERSONA
9 (RLIN) 158
Nombre de persona Plutarco
Fechas asociadas al nombre 50-127‏
245 10 - MENCIÓN DE TÍTULO
Título Vidas paralelas
Mención de responsabilidad, etc. Plutarco ; [traducción de A. Ranz Romanillos]
Resto del título : Alejandro-Julio César
250 ## - MENCIÓN DE EDICIÓN
Mención de edición 7ª ed
260 ## - PUBLICACIÓN, DISTRIBUCIÓN, ETC. (PIE DE IMPRENTA)
Lugar de publicación, distribución, etc. Madrid
Nombre del editor, distribuidor, etc. Espasa-Calpe
Fecha de publicación, distribución, etc. 1977
300 ## - DESCRIPCIÓN FÍSICA
Extensión 142 p.
Dimensiones 18 cm
490 ## - MENCIÓN DE SERIE
Mención de serie Austral
Designación de volumen o secuencia 228
600 04 - PUNTO DE ACCESO ADICIONAL DE MATERIA - NOMBRE DE PERSONA
9 (RLIN) 164
Nombre de persona Alejandro Magno
600 14 - PUNTO DE ACCESO ADICIONAL DE MATERIA - NOMBRE DE PERSONA
9 (RLIN) 107
Nombre de persona César, Cayo Julio
700 1# - PUNTO DE ACCESO ADICIONAL - NOMBRE DE PERSONA
9 (RLIN) 166
Nombre de persona Ranz Romanillos, Antonio
942 ## - ENTRADA DE ELEMENTOS AGREGADOS (KOHA)
Fuente de clasificaión o esquema Dewey Decimal Classification
Koha [por defecto] tipo de item 1- Monografias
Existencias
Suprimido Perdido Fuente de clasificación o esquema Estropeado Restricciones de uso No para préstamo Código de colección Localización permanente Localización actual Localización en estanter&íacute;as Fecha adquisición Fuente de adquisición Número de inventario Préstamos totales Signatura completa Código de barras Fecha última consulta Coste, precio reemplazado Fecha del precio de reemplazo Tipo de item de Koha
NULL NULL Dewey Decimal Classification NULL Prestable NULL NULL Biblioteca Miguel de Cervantes - UNICAES Biblioteca Miguel de Cervantes - UNICAES Sala Principal 22/07/1998 Donación - Marco Rene Revelo 000178   920 PLU vid 1000178 18/04/2013 7.34 18/04/2013 1- Monografias